Name the Coptic Orthodox Popes of Alexandria Quiz - Statistics

General Stats
  • This quiz has been taken 140 times
  • The average score is 53 of 118
Answer Stats
Year # Name % Correct
1796 VIII Mark
85%
1745 VII Mark
85%
1646 VI Mark
85%
1603 V Mark
85%
1348 IV Mark
85%
1166 III Mark
85%
799 II Mark
85%
60 Mark the Apostle
85%
1928 XIX John
76%
1769 XVIII John
76%
1727 XVII John
76%
1676 XVI John
76%
1619 XV John
76%
1571 XIV John
76%
1484 XIII John
76%
1480 XII John
76%
1427 XI John
76%
1363 X John
76%
1320 IX John
76%
1300 VIII John
76%
1262 VII John
76%
1189 VI John
76%
1147 V John
76%
777 IV John
76%
680 III John
76%
505 II John
76%
496 I John
76%
1971 III Shenouda
74%
1032 II Shenouda
74%
859 I Shenouda
74%
1959 VI Cyril
68%
1874 V Cyril
68%
1853 IV Cyril
68%
1235 III Cyril
68%
1078 II Cyril
68%
412 Cyril the Pillar of Faith
68%
1809 VII Peter
68%
1718 VI Peter
68%
1340 V Peter
68%
567 IV Peter
68%
477 III Peter
68%
373 II Peter
68%
302 I Peter the Seal of the Martyrs
68%
2012 II Theodore
65%
730 I Theodore
65%
1660 IV Matthew
57%
1631 III Matthew
57%
1452 II Matthew
57%
1378 Matthew
57%
704 II Alexander
48%
312 I Alexander
48%
1477 VI Michael
44%
1145 V Michael
44%
1092 IV Michael
44%
880 III Michael
44%
849 II Michael
44%
743 I Michael
44%
1250 III Athanasius
43%
489 II Athanasius
43%
328 I Athanasius the Apostolic
43%
1946 II Joseph
43%
831 Joseph
43%
819 James
41%
1587 VIII Gabriel
33%
1525 VII Gabriel
33%
1466 VI Gabriel
33%
1409 V Gabriel
33%
1370 IV Gabriel
33%
1268 III Gabriel
33%
1131 II Gabriel
33%
909 I Gabriel
33%
518 III Timothy
32%
455 II Timothy
32%
379 I Timothy
32%
1327 II Benjamin
29%
623 I Benjamin
29%
690 Isaac
28%
975 Abraham
27%
605 Anastasius
26%
178 Julian
26%
246 Dionysius the Great
23%
830 II Simeon
23%
692 I Simeon
23%
952 Theophilus
23%
385 Theophilus
23%
516 II Dioscorus
22%
444 Dioscorus the Champion of Orthodoxy
22%
1862 II Demetrius
21%
188 Demetrius the Vinedresser
21%
264 Maximus
21%
1294 II Theodosius
21%
536 I Theodosius
21%
956 II Mina
18%
767 I Mina
18%
118 Justus
17%
311 Achillas
16%
920 III Cosmas
16%
851 II Cosmas
16%
729 I Cosmas
16%
106 Primus
16%
166 Agrippinus
15%
62 Anianus
15%
569 Damian
13%
230 Heraclas
13%
1944 III Macarius
13%
1102 II Macarius
13%
932 I Macarius
13%
141 Markianos
12%
617 Andronicus
11%
83 Avilius
11%
152 Celadion
11%
95 Kedron
11%
282 Theonas
11%
1004 Zacharias
11%
129 Eumenes
10%
979 Philotheos
10%
662 Agathon
9%
1046 Christoldoulos
0%
No matching quizzes found
Score Distribution
Percent of People with Each Score
Percentile by Number Answered
Your Score History
You have not taken this quiz